Enfoque ecológico de una estrategia de información para el proceso de planificación ambiental / (Record no. 188945)
[ view plain ]
| 000 -LEADER | |
|---|---|
| campo de control de longitud fija | 01180nam a2200229 i 4500 |
| 001 - NÚMERO DE CONTROL | |
| campo de control | 188945 |
| 003 - IDENTIFICADOR DE NÚMERO DE CONTROL | |
| campo de control | ES-MaACL |
| 005 - FECHA Y HORA DE LA ÚLTIMA TRANSACCIÓN | |
| campo de control | 20251220171439.0 |
| 008 - DATOS DE LONGITUD FIJA--INFORMACIÓN GENERAL | |
| campo de control de longitud fija | 190305s1981 sp |||| | spa d |
| 100 0# - ENTRADA PRINCIPAL--NOMBRE DE PERSONA | |
| Nombre de persona | Morello, Jorge. |
| 9 (RLIN) | 83256 |
| 245 10 - MENCIÓN DEL TÍTULO | |
| Título | Enfoque ecológico de una estrategia de información para el proceso de planificación ambiental / |
| Mención de responsabilidad, etc. | Jorge Morello. |
| 260 ## - PUBLICACIÓN, DISTRIBUCIÓN, ETC. | |
| Lugar de publicación, distribución, etc. | [Madrid : |
| Nombre del editor, distribuidor, etc. | CIFCA, |
| Fecha de publicación, distribución, etc. | 1981?] |
| 300 ## - DESCRIPCIÓN FÍSICA | |
| Extensión | 14,[6] p. ; |
| Dimensiones | 30 cm. |
| 490 1# - MENCIÓN DE SERIE | |
| Mención de serie | Opiniones. Política y planificación ambiental ; |
| Designación de volumen o secuencia | 8 |
| 500 ## - NOTA GENERAL | |
| Nota general | Este documento fue presentado en el Seminario de Expertos sobre Planificación del Desarrollo y Medio Ambiente celebrado por el CIFCA, con la colaboración de la Subsecretaría de Medio Ambiente de Argentina, en Buenos Aires del 14 al 18 de Diciembre de 1981. |
| 650 04 - PUNTO DE ACCESO ADICIONAL DE MATERIA--TÉRMINO DE MATERIA | |
| Término de materia o nombre geográfico como elemento de entrada | Política ambiental. |
| 9 (RLIN) | 16286 |
| 710 2# - ENTRADA AGREGADA--NOMBRE DE ENTIDAD CORPORATIVA | |
| Nombre de entidad corporativa o nombre de jurisdicción como elemento de entrada | Centro Internacional de Formación en Ciencias Ambientales (Madrid) |
| 9 (RLIN) | 166480 |
| 711 2# - ENTRADA AGREGADA--NOMBRE DE REUNIÓN | |
| Nombre de congreso/reunión o jurisdicción como elemento de entrada | Seminario de Expertos sobre Planificación del Desarrollo y Medio Ambiente |
| Fecha del congreso o de la firma del tratado | (1981. |
| Sede del congreso/Lugar de la reunión | Buenos Aires) |
| 9 (RLIN) | 166517 |
| 830 0# - PUNTO DE ACCESO ADICIONAL DE SERIE-TÍTULO UNIFORME | |
| Título uniforme | Opiniones. Política y planificación ambiental ; |
| Designación de volumen o secuencia | 8 |
| 9 (RLIN) | 193227 |
| 852 ## - LOCALIZACIÓN | |
| Ubicación | ES-MaACL |
| Número de control de estantería | P-468-6 |
| Estatus retirado | Estado de pérdida | Estado de daño | No para préstamo | Biblioteca de origen | Biblioteca actual | Ubicación en estantería | Fecha de adquisición | Fuente de adquisición | Total de préstamos | Signatura topográfica completa | Código de barras | Visto por última vez | Precio de reemplazo | Tipo de ítem Koha |
|---|---|---|---|---|---|---|---|---|---|---|---|---|---|---|
| Biblioteca del Ateneo de Madrid | Biblioteca del Ateneo de Madrid | Depósito 2 | 05/03/2019 | P-468-6 | 1200094 | 23/02/2023 | 23/02/2023 | Libro impreso |
